Running Records: The Bronx Zoo Cares (Record no. 127652)

MARC details
000 -LÍDER
campo de controle de tamanho fixo 00523 a2200169 4500
001 - NÚMERO DE CONTROLE
campo de controle 127652
040 ## - FONTE DA CATALOGAÇÃO
Instituição que transcreveu o registro Escola Canadense de Niteroi
100 ## - ENTRADA PRINCIPAL--NOME PESSOAL
Nome pessoal Reading A-Z
245 10 - TÍTULO
Título Running Records: The Bronx Zoo Cares
490 0# - TÍTULO DA SÉRIE
Título da série Reading a-z
520 ## - NOTA DE RESUMO, ETC
Resumo, etc. Animals' homes at the Bronx Zoo show the zoo cares about its animals. (Running Records Level: K)
650 #4 - ASSUNTO--TERMO TÓPICO
Cabeçalho tópico ou nome geográfico Teacher's Research
650 #4 - ASSUNTO--TERMO TÓPICO
Cabeçalho tópico ou nome geográfico Education and Teaching
650 #4 - ASSUNTO--TERMO TÓPICO
Cabeçalho tópico ou nome geográfico Education, Bilingual
650 #4 - ASSUNTO--TERMO TÓPICO
Cabeçalho tópico ou nome geográfico Educational tests and measurements
942 ## - ELEMENTOS DE ENTRADA ADICIONADOS (KOHA)
Tipo de material Koha Livros

No items available.